000
00212 a2200097 4500
001
30176
100
_a
Killilea, M
245
_a
With love from Karen
260
_a
Newyork
_b
Dell Pub Co
_c
090
_c
20119
_d
20119
942
_a
NUST-CAE
_c
M
_c
11247
999
_c
265249
_d
265249